[Event "TCh-ESP"]
[Site "Cala Galdana ESP"]
[Date "2001.10.14"]
[Round "2"]
[White "Gonzalez Velez,F"]
[Black "Rivas Pastor,M"]
[Result "1/2-1/2"]
[WhiteElo "2379"]
[BlackElo "2424"]

1.d4 Nf6 2.Bg5 g6 3.Bxf6 exf6 4.c4 f5 5.Nc3 Bg7 6.e3 d6 7.Nge2 O-O 8.g3 Nd7
9.Bg2 Re8 10.Qd3 h5 11.b4 Nf6 12.O-O h4 13.b5 hxg3 14.hxg3 Rb8 15.Rab1 Bd7
16.Rb3 Ng4 17.Nd5 c6 18.bxc6 bxc6 19.Rxb8 Qxb8 20.Rb1 Qd8 21.Nb4 c5 22.dxc5 dxc5
23.Nd5 Qa5 24.Nec3 Be6 25.Rb3 Bxd5 26.Bxd5 Rd8 27.Kg2 Bxc3 28.Qxc3 Qxc3 29.Rxc3 Nf6
30.Bf3 Rd2 31.Ra3 Rc2 32.Bd5 Ng4 33.Rxa7 Nxe3+ 34.Kf3 Nxd5 35.cxd5 Rd2 36.Rc7 Rxd5
37.a4 Rd3+ 38.Ke2 Ra3 39.Rxc5 Rxa4 40.Rc6 Ra3 41.Rc7 Kg7 42.Rb7 g5 43.Rb4 Kg6
44.Rb5 Rc3 45.Ra5 Rb3 46.Kf1 Rb6 47.Kg2 Rd6 48.Ra7 Kf6 49.Ra8 Ke5 50.Re8+ Re6
51.Ra8 Kf6 52.Ra5 Re4 53.Ra6+ Kg7 54.Ra5 Kg6 55.Ra8 Rb4 56.Ra5 Kf6 57.Ra8 Rd4
58.Ra7 Kg6 59.Ra8 Rd3 60.Rg8+ Kf6 61.Ra8 Rb3 62.Ra6+ Kg7 63.Ra5 Kg6 64.Ra8 Rb1
65.Rg8+ Kf6 66.Ra8 Re1 67.Ra7 Re7 68.Ra8 Rd7 69.Ra5 Rd6 70.Ra8 g4 71.Ra7 Rd3
72.Ra8 f4 73.Ra6+  1/2-1/2

[Event "Essent Open"]
[Site "Hoogeveen NED"]
[Date "2001.10.15"]
[Round "4"]
[White "Roberts,P"]
[Black "Van der Veen,Jan"]
[Result "1-0"]
[WhiteElo "2155"]
[BlackElo "2135"]

1.d4 Nf6 2.Bg5 c5 3.Bxf6 gxf6 4.d5 d6 5.c4 f5 6.e3 Nd7 7.Nc3 Nf6 8.Qc2 a6
9.Bd3 e6 10.Nge2 Bd7 11.dxe6 fxe6 12.e4 fxe4 13.Nxe4 Qe7 14.Nxf6+ Qxf6 15.O-O O-O-O
16.b4 cxb4 17.Rab1 Bc6 18.Rxb4 Rg8 19.Ng3 Be7 20.Rb6 Rg5 21.Be4 d5 22.cxd5 exd5
23.Bf5+ Kb8 24.Rfb1 Ka7 25.Qb3 Rb8 26.Rxa6+ Kxa6 27.Qb6+  1-0

[Event "It"]
[Site "Durres ALB"]
[Date "2001.10.17"]
[Round "6"]
[White "Rossi,C"]
[Black "Ermenkov,E"]
[Result "1-0"]
[WhiteElo "2352"]
[BlackElo "2496"]

1.d4 Nf6 2.Bg5 c5 3.d5 e5 4.dxe6 fxe6 5.e4 Nc6 6.Nc3 Be7 7.f4 O-O 8.e5 Ne8
9.h4 d5 10.Qg4 a6 11.O-O-O Bd7 12.Nf3 b5 13.Rh3 Ra7 14.Kb1 Kh8 15.Bd3 c4
16.Bg6 Kg8 17.h5 Bxg5 18.Nxg5 h6 19.Nh7 Rf5 20.Rg3 d4 21.Ne4 Kh8 22.Bxf5 exf5
23.Qg6 Ne7 24.Qf7 fxe4 25.Nf6 gxf6 26.Qf8+ Kh7 27.exf6 Nf5 28.Qg8+  1-0

[Event "Essent Open"]
[Site "Hoogeveen NED"]
[Date "2001.10.17"]
[Round "6"]
[White "Roberts,P"]
[Black "Veneman,H"]
[Result "0-1"]
[WhiteElo "2155"]
[BlackElo "2185"]

1.d4 d5 2.Bg5 Nf6 3.Bxf6 exf6 4.e3 Bd6 5.Bd3 O-O 6.Ne2 Re8 7.O-O Nd7 8.Nd2 c6
9.c4 dxc4 10.Nxc4 Bc7 11.Qc2 g6 12.e4 Nb6 13.Ne3 Bd7 14.Rae1 Rc8 15.Qd2 Bb8
16.b4 Qe7 17.f4 Rcd8 18.f5 g5 19.e5 fxe5 20.f6 Qf8 21.Nf5 Bxf5 22.Rxf5 e4
23.Rxg5+ Kh8 24.Rg7 Qd6 25.Bb1 Qxf6 26.Rg4 Qd6 27.Bxe4 Qxh2+ 28.Kf1 Rg8 29.Rxg8+ Rxg8
30.Bf3 Nd5 31.Bxd5 cxd5 32.Ng1 Bf4 33.Qe2 Be3 34.Qf3 Qxg1+ 35.Ke2 Qxg2+ 36.Qxg2 Rxg2+
37.Kxe3 Rxa2 38.Kd3 Ra3+ 39.Kc2 a5 40.b5 Ra4 41.Re7 b6 42.Rb7 Rxd4 43.Rxb6 Rb4
44.Kc3 Kg7 45.Rb8 h5 46.b6 h4 47.Ra8 Rxb6 48.Rxa5 Rd6 49.Kd4 f6 50.Ra4 Rd8
51.Ra1 Kg6 52.Rg1+ Kf5 53.Rh1 Kg4 54.Rg1+ Kh5 55.Rg7 h3 56.Rh7+ Kg4 57.Rg7+ Kh4
58.Rh7+ Kg3 59.Rg7+ Kh2 60.Rf7 Rg8 61.Kxd5 Kg1  0-1

[Event "World Seniors"]
[Site "Arco ITA"]
[Date "2001.10.18"]
[Round "2"]
[White "Chernikov,O"]
[Black "Buxade Roca,G"]
[Result "1/2-1/2"]
[WhiteElo "2464"]
[BlackElo "2218"]

1.d4 d5 2.Bg5 Nf6 3.Bxf6 exf6 4.e3 Be6 5.Bd3 Nc6 6.c3 Bd6 7.Nd2 O-O 8.Ne2 Re8
9.O-O Qd7 10.e4 dxe4 11.Nxe4 Bf8 12.Qc2 f5 13.Ng5 h6 14.Nxe6 Qxe6 15.Qb3 Qxb3
16.axb3 a6 17.b4 g6 18.Nc1 a5 19.bxa5 Rxa5 20.Rxa5 Nxa5 21.b4 Nc6 22.Nb3 Ne7
23.Bc4 Ra8 24.Ra1 Rxa1+ 25.Nxa1 Nc8 26.Nb3 Nb6 27.Nd2 Na4 28.Nb1 Bd6 29.Kf1 Nb6
30.Bb3 Kf8 31.Nd2 Ke7 32.g3 Nd7 33.Nc4 Nf6 34.Nxd6 cxd6 35.c4 b6 36.Ke2 Nd7
37.Ba4 Nf6 38.Bc6 g5 39.h3 Nh7 40.Ke3 Nf8 41.f4 f6 42.d5 Ng6 43.Ba4 Kd8 44.Bc2 Ne7
45.h4 Kc7 46.Ba4 Kd8 47.h5 Nc8 48.Kd4 Ne7 49.Kc3 Nc8 50.Kb2 Ne7 51.Ka3 Nc8
52.Bc2 Ne7 53.Ka4 Kc7 54.Kb5 Kb7 55.Bb1 gxf4 56.gxf4 Ka7 57.c5 bxc5 58.bxc5 Kb7
59.Kc4 Kc7 60.Bc2 Kd7 61.Ba4+ Kc7 62.Be8 dxc5  1/2-1/2

[Event "It"]
[Site "Durres ALB"]
[Date "2001.10.19"]
[Round "8"]
[White "Rossi,C"]
[Black "Rama,L"]
[Result "0-1"]
[WhiteElo "2352"]
[BlackElo "2311"]

1.d4 Nf6 2.Bg5 d5 3.Bxf6 exf6 4.e3 Be6 5.Bd3 c5 6.dxc5 Bxc5 7.c3 Nc6 8.Nd2 O-O
9.Nb3 Bd6 10.Ne2 Rc8 11.Ned4 Ne5 12.Be2 a6 13.a4 f5 14.Qc2 Qf6 15.g3 Rc7
16.a5 Re8 17.Nd2 Nd7 18.Qa4 Qe7 19.N4f3 Nc5 20.Qh4 Qf8 21.Nd4 Bc8 22.Qh5 g6
23.Qf3 Ne4 24.N2b3 Qe7 25.h4 h5 26.Kf1 Qf6 27.Kg1 Rce7 28.Qg2 Qg7 29.Bf3 Qh6
30.Ne2 Bd7 31.Nf4 Bc6 32.Kh2 Qg7 33.Rhd1 Qf6 34.Kg1 Bxf4 35.exf4 Qe6 36.Nd4 Qd6
37.Qf1 Qc5 38.Kg2 Nf6 39.Qd3 Ne4 40.b4 Qd6 41.Rac1 Ba4 42.Re1 Rc7 43.Re3 Rec8
44.Bxe4 dxe4 45.Qb1 Qxd4 46.cxd4 Rxc1 47.Qa2 Bb5 48.g4 R8c2 49.Qd5 Rf1 50.Qd8+ Kg7
51.Re2 Bxe2 52.gxf5 Bf3+ 53.Kg3 Rg1+ 54.Kh2 Rg2+ 55.Kh3 Rc1 56.f6+ Kh7  0-1

[Event "Essent Open"]
[Site "Hoogeveen NED"]
[Date "2001.10.19"]
[Round "8"]
[White "Naes,F"]
[Black "Afek,Y"]
[Result "1-0"]
[WhiteElo "2223"]
[BlackElo "2369"]

1.d4 Nf6 2.Bg5 d5 3.Nf3 Ne4 4.Bf4 c5 5.e3 Qb6 6.Qc1 Nc6 7.c3 Bf5 8.Be2 e6
9.Nh4 g5 10.Nxf5 gxf4 11.Nh4 fxe3 12.fxe3 Bh6 13.Qc2 Bxe3 14.dxc5 Qxc5 15.Nf3 Rg8
16.g3 O-O-O 17.Rf1 f5 18.Na3 f4 19.gxf4 Rg2 20.Qd3 Bxf4 21.Nc2 e5 22.Nxe5 Rxh2
23.Nxc6 Bg3+ 24.Kd1 bxc6 25.Qa6+ Kc7 26.Nd4 Re8 27.Rf7+ Kd6 28.Qb7 Nf2+ 29.Kc2 Ke5
30.Qc7+ Qd6 31.Rf5+ Ke4 32.Bf3+  1-0

[Event "TCh-SLO"]
[Site "Bled SLO"]
[Date "2001.10.20"]
[Round "3"]
[White "Mohr,G"]
[Black "Farago,I"]
[Result "1/2-1/2"]
[WhiteElo "2498"]
[BlackElo "2527"]

1.d4 Nf6 2.Bg5 d5 3.Bxf6 gxf6 4.e3 c5 5.Nc3 Nc6 6.Qh5 cxd4 7.exd4 e6 8.O-O-O Bb4
9.Nge2 Bd7 10.h4 Qe7 11.Rh3 O-O-O 12.Re3 Qf8 13.g3 Kb8 14.Nf4 Ne7 15.Bh3 Nc8
16.a3 Bd6 17.Nfxd5 exd5 18.Bxd7 Rxd7 19.Nxd5 Qd8 20.Qf3 Be7 21.Nxe7 Nxe7
22.Qxf6 Nc6 23.Qxd8+  1/2-1/2

[Event "World Teams"]
[Site "Yerevan ARM"]
[Date "2001.10.20"]
[Round "9"]
[White "Lputian,S"]
[Black "Ruck,R"]
[Result "0-1"]
[WhiteElo "2618"]
[BlackElo "2582"]

1.d4 Nf6 2.Bg5 d5 3.e3 c6 4.Bd3 g6 5.Nd2 Bg7 6.f4 O-O 7.c3 Qb6 8.Bxf6 exf6
9.b4 Re8 10.Kf2 f5 11.Ngf3 Nd7 12.Re1 Nf6 13.Kg1 a5 14.a3 Ne4 15.Qc2 Qc7
16.c4 axb4 17.axb4 Rxa1 18.Rxa1 dxc4 19.Nxc4 Nf6 20.b5 cxb5 21.Na3 Qe7 22.Ne5 b4
23.Nac4 Nd5 24.Be2 f6 25.Bf3 Be6 26.Nd3 b5 27.Na5 Nxe3 28.Qd2 Nc4 29.Qxb4 Qxb4
30.Nxb4 Bf8 31.Nac6 Nd2 32.Bd5 Bxb4 33.Nxb4 Bxd5 34.Nxd5 Rd8 35.Ne7+ Kf8
36.Nc6 Rd6 37.Ra8+ Kf7 38.Ra6 Ke6 39.Kf2 Kd7 40.Nb8+ Kc7 41.Rxd6 Kxd6 42.Ke2 Nc4
43.Kd3 g5 44.g3 Nb6 45.Na6 gxf4 46.gxf4 Nd5 47.Nc5 Nxf4+ 48.Ke3 Ne6 49.Nd3 Kd5
50.Nb4+ Kc4 51.Nc6 f4+ 52.Ke4 f3 53.Na5+ Kc3 54.Kxf3 Kxd4 55.h4 b4 56.Kg4 Ng7
57.h5 h6  0-1

[Event "British Rapidplay"]
[Site "Bradford ENG"]
[Date "2001.10.21"]
[Round "9"]
[White "Hodgson,Ju"]
[Black "Pert,R"]
[Result "1-0"]
[WhiteElo "2589"]
[BlackElo "2302"]

1.d4 Nf6 2.Bg5 c5 3.d5 Qb6 4.Nc3 Qxb2 5.Bd2 Qb6 6.e4 d6 7.f4 Bg4 8.Be2 Bxe2
9.Qxe2 a6 10.Rb1 Qc7 11.e5 dxe5 12.fxe5 Nfd7 13.Nf3 e6 14.O-O exd5 15.e6 fxe6
16.Qxe6+ Be7 17.Nxd5 Qd6 18.Ng5 Nc6 19.Nc7+ Qxc7 20.Qf7+ Kd8 21.Ne6+ Kc8
22.Nxc7 Kxc7 23.Bf4+  1-0

[Event "Jonsson Mem Open"]
[Site "Reykjavik ISL"]
[Date "2001.10.23"]
[Round "1"]
[White "Thorfinnsson,Bj"]
[Black "Chandler,M"]
[Result "0-1"]
[WhiteElo "2248"]
[BlackElo "2544"]

1.d4 Nf6 2.Bg5 c5 3.Bxf6 exf6 4.e3 Qb6 5.b3 d5 6.Nf3 Nc6 7.Be2 Be6 8.O-O Rd8
9.Nc3 Qa5 10.Na4 c4 11.Qe1 Bb4 12.c3 Ba3 13.Bd1 b5 14.Nc5 Bb2 15.Nb7 Qxc3
16.Nxd8 Kxd8 17.Qxc3 Bxc3 18.Rc1 Bb2 19.Rb1 c3 20.Ne1 Nb4 21.Nc2 Bf5 22.Nxb4 Bxb1
23.Bc2 Bxc2 24.Nxc2 Kd7 25.Re1 a5 26.a3 h5 27.Kf1 g5 28.Ke2 f5 29.Kd3 a4
30.b4 Re8 31.Rh1 h4 32.f4 f6 33.Rf1 Ke6 34.Ke2 Rg8 35.Kf3 Kf7 36.Kf2 Re8
37.Kf3 Kg6 38.Rg1 Rc8 39.Ke2 Rc4 40.Rb1 Kh5 41.Kf3 Rc8 42.Rd1 Kg6 43.Rf1 Rc4
44.Rb1 Kh5 45.g3 h3 46.Ke2 Kg4 47.Kd3 Kf3 48.fxg5 fxg5 49.Rf1+ Kg4 50.Rf2 Bc1
51.Rf1 Bd2 52.Ke2 Rc8 53.Rf3 Re8 54.Rf1 Re4 55.Rg1 Kh5 56.Kf3 f4 57.exf4 gxf4
58.g4+ Kg5 59.Rh1 Re3+  0-1

[Event "TSGM October"]
[Site "Belgrade YUG"]
[Date "2001.10.24"]
[Round "5"]
[White "Kosanovic,G"]
[Black "Nestorovic,D"]
[Result "1/2-1/2"]
[WhiteElo "2442"]
[BlackElo "2428"]

1.d4 Nf6 2.Bg5 d5 3.e3 Ne4 4.Bf4 c5 5.Nd2 Nxd2 6.Qxd2 Nc6 7.Nf3 cxd4 8.exd4 Bf5
9.c3 e6 10.Bd3 Bxd3 11.Qxd3 Bd6 12.Bxd6 Qxd6 13.O-O  1/2-1/2

[Event "XVII Moratalaz Open"]
[Site "Madrid ESP"]
[Date "2001.10.24"]
[Round "6"]
[White "Rabadan,V"]
[Black "Paredes Sanchez,J"]
[Result "1-0"]
[WhiteElo "2205"]
[BlackElo "2088"]

1.d4 Nf6 2.Bg5 d5 3.Bxf6 exf6 4.e3 Bd6 5.g3 O-O 6.Bg2 c6 7.Nd2 Re8 8.Ne2 f5
9.O-O Nd7 10.c4 Nf6 11.Nc3 dxc4 12.Nxc4 Bf8 13.Qd3 Be6 14.Rfd1 g6 15.Rac1 Qe7
16.a3 Rad8 17.b4 Bg7 18.Na5 Nd5 19.Na4 Nxb4 20.axb4 Qxb4 21.Nc5 Qxa5 22.Nxb7 Qb4
23.Nxd8 Rxd8 24.Bxc6 a5 25.Ra1 Rc8 26.Rdb1 Rxc6 27.Rxb4 axb4 28.d5 Bxa1 29.dxc6 b3
30.c7 Kg7 31.f3 Be5 32.Qxb3 Bxb3 33.c8=Q Be6 34.Qc5 Bf6 35.Kg2 h5 36.h3 g5
37.f4 g4 38.hxg4 hxg4 39.Kf2 Kg6 40.Ke2 Bb2 41.Kd3  1-0

[Event "Jonsson Mem Open"]
[Site "Reykjavik ISL"]
[Date "2001.10.25"]
[Round "3"]
[White "Thorfinnsson,Bj"]
[Black "Thorsteinsson,B"]
[Result "1-0"]
[WhiteElo "2248"]
[BlackElo "2329"]

1.d4 Nf6 2.Bg5 d5 3.e3 e6 4.Bd3 Be7 5.Nd2 b6 6.c3 Bb7 7.Qc2 Nbd7 8.Bxf6 Nxf6
9.Ngf3 a6 10.g4 g6 11.Ne5 Nd7 12.f4 c5 13.Ndf3 Bh4+ 14.Kd2 c4 15.Bf1 Nf6
16.Bg2 Ne4+ 17.Ke2 Be7 18.Nd2 Nd6 19.g5 Qc7 20.h4 Nf5 21.Kf2 f6 22.Ng4 fxg5
23.hxg5 Bxg5 24.Nf3 Be7 25.Nfe5 O-O-O 26.Nf7 Bh4+ 27.Rxh4 Nxh4 28.Nge5 Rhf8
29.Nxd8 Qxd8 30.Bh3 Nf5 31.Nf3 Kb8 32.Rh1 Qf6 33.Bxf5 gxf5 34.Rxh7 Rh8 35.Rxh8+ Qxh8
36.Qc1 Bc6 37.Qg1 Bd7 38.Qg5 Qe8 39.Ne5 Bc6 40.Qg7 Bb7 41.Kg3 Qb5 42.Nf7 Qd7
43.Qf8+ Ka7 44.Kh4 a5 45.Kg5 b5 46.Kf6 Ka6 47.Qd6+ Qc6 48.a3 b4 49.axb4 axb4
50.Qxb4 Bc8 51.Ne5 Qb5 52.Qd6+ Qb6 53.Ke7 Qxd6+ 54.Kxd6 Kb5 55.Nf3 Kb6 56.Nd2 Kb7
57.b3  1-0

[Event "World Seniors"]
[Site "Arco ITA"]
[Date "2001.10.27"]
[Round "10"]
[White "Zichichi,A"]
[Black "Shabanov,Y"]
[Result "1-0"]
[WhiteElo "2277"]
[BlackElo "2458"]

1.d4 Nf6 2.Bg5 d5 3.Bxf6 exf6 4.e3 c6 5.c4 dxc4 6.Bxc4 Bd6 7.Nc3 O-O 8.h3 Nd7
9.Bd3 Re8 10.Qf3 Nb6 11.Nge2 Be6 12.Rd1 Nc4 13.Rb1 Qa5 14.b3 Nb6 15.O-O Rad8
16.Rbc1 Nd5 17.Bb1 Nxc3 18.Nxc3 Ba3 19.Rc2 Qg5 20.Re2 Qh4 21.Rd1 Bd6 22.d5 Be5
23.dxe6 Bxc3 24.exf7+ Kxf7 25.Rc2 Qb4 26.Qh5+ Kg8 27.Rd7  1-0

[Event "Chigorin Mem Open"]
[Site "St Petersburg RUS"]
[Date "2001.10.29"]
[Round "4"]
[White "Bistrikova,E"]
[Black "Paramonov,D"]
[Result "0-1"]
[WhiteElo "2139"]
[BlackElo "2309"]

1.d4 Nf6 2.Bg5 c5 3.Nc3 d5 4.Bxf6 gxf6 5.e3 Nc6 6.Nf3 Bg4 7.Be2 e6 8.Qd2 h5
9.h3 Bxf3 10.Bxf3 cxd4 11.exd4 Qb6 12.Rd1 Qxb2 13.Rb1 Qa3 14.O-O Rc8 15.Rfe1 Bh6
16.Qd3 O-O 17.Rb3 Qd6 18.Bxh5 Qf4 19.Ne2 Qh4 20.Bf3 Na5 21.Rbb1 Kh8 22.c3 Rg8
23.Kh2 Qxf2 24.Rf1 Qh4 25.Qb5 Nc4 26.Qxb7 Nd2 27.Qxf7 Rce8 28.Qxa7 Qg5 29.Rg1 Qe3
30.Bh5 Nxb1 31.Bxe8 Qxe2 32.Bf7 Bf4+ 33.Kh1 Rg7 34.Qa8+ Kh7 35.Bxe6 Qxe6
36.Rxb1 Bc7 37.Qf8 Qe4 38.Rg1 Qf4 39.g3 Qf3+ 40.Rg2 Qf1+ 41.Kh2 Bxg3+  0-1

[Event "Chigorin Mem Open"]
[Site "St Petersburg RUS"]
[Date "2001.10.30"]
[Round "5"]
[White "Chepukaitis,G"]
[Black "Ignatiev,Alexa"]
[Result "1/2-1/2"]
[WhiteElo "2404"]
[BlackElo "2311"]

1.d4 d5 2.Bg5 Nf6 3.Nd2 Nbd7 4.e3 g6 5.c4 dxc4 6.Nxc4 Bg7 7.Nf3 O-O 8.b4 Nd5
9.a3 a5 10.bxa5 c5 11.Bd3 cxd4 12.exd4 Nb8 13.O-O Nc6 14.Re1 Bg4 15.Nce5 Nxe5
16.dxe5 Qxa5 17.Bd2 Bxf3 18.gxf3 Qb6 19.Re4 Qb2 20.Qe1 Rfd8 21.a4 Rac8 22.Bf1 Nc3
23.Bxc3 Rxc3 24.Rb1 Qa3 25.f4 Rc2 26.Rd1 Rxd1 27.Qxd1 Rc1 28.Qe2 Bh6 29.Kg2 Rb1
30.Rc4 Rb4 31.f5 Qxa4 32.Qe4 Rxc4 33.Bxc4 Qc6 34.Bd5 gxf5 35.Bxc6 fxe4 36.Bxb7 e3
37.fxe3 Bxe3 38.e6 f5 39.Kf3 Bc1 40.Ba6 Kg7 41.Bc4  1/2-1/2

[Event "WYB16"]
[Site "Oropesa del Mar ESP"]
[Date "2001.11.01"]
[Round "10"]
[White "Berkes,F"]
[Black "Gomez,Joh"]
[Result "1/2-1/2"]
[WhiteElo "2541"]
[BlackElo "2287"]

1.d4 Nf6 2.Bg5 c5 3.Nc3 cxd4 4.Qxd4 Nc6 5.Qh4 d6 6.e4 Bd7 7.O-O-O h6 8.Kb1 a6
9.Bxf6 gxf6 10.f4 Rg8 11.Nd5 Bg7 12.f5 Ne5 13.Nf3 Bc6 14.Be2 Bxd5 15.exd5 Qd7
16.Qe4 O-O-O 17.Nxe5 fxe5 18.Bh5 Rdf8 19.Rd3 Bf6 20.h4 Kb8 21.Rhd1 Rg7 22.Rb3 Re8
23.Rd2 Qc7 24.a3 Qa5 25.Rb4 Qc5  1/2-1/2

[Event "WYB18"]
[Site "Oropesa del Mar ESP"]
[Date "2001.11.02"]
[Round "11"]
[White "Kanep,M"]
[Black "Flumbort,A"]
[Result "1-0"]
[WhiteElo "2307"]
[BlackElo "2434"]

1.d4 Nf6 2.Bg5 c5 3.d5 Qb6 4.Nc3 Qxb2 5.Bd2 Qb6 6.e4 e5 7.f4 d6 8.Rb1 Qd8
9.fxe5 dxe5 10.Nf3 Nbd7 11.Bc4 Bd6 12.a4 O-O 13.O-O Nh5 14.Nb5 Nb6 15.Ba2 Bb8
16.Nxe5 Nf6 17.d6 Be6 18.Bxe6 fxe6 19.Ba5 Qe8 20.Qd3 Nfd7 21.Rxf8+ Qxf8 22.Rf1 Qe8
23.Rf7 a6 24.Nc7 Bxc7 25.dxc7 Rc8 26.Qg3  1-0

[Event "EuTChw"]
[Site "Leon ESP"]
[Date "2001.11.13"]
[Round "7"]
[White "Puuska,H"]
[Black "Pavlovskaia,E"]
[Result "1/2-1/2"]
[WhiteElo "2070"]
[BlackElo "2199"]

1.d4 d5 2.Bg5 Nf6 3.Bxf6 exf6 4.e3 Be6 5.Nd2 c5 6.dxc5 Bxc5 7.c3 Nc6 8.Ngf3 O-O
9.Be2 f5 10.O-O Qf6 11.Qa4 h6 12.Nb3 Bb6 13.Nbd4 Rac8 14.Nxc6 bxc6 15.Ba6 Rc7
16.Qf4 Rd8 17.a4 Rcd7 18.Ne5 Rd6 19.Nd3 c5 20.a5 Bc7 21.Bb5 Bd7 22.Bxd7 R6xd7
23.Qf3 d4 24.exd4 cxd4 25.c4 Qe6 26.Rfc1  1/2-1/2

[Event "TCh-FIN 2001-02"]
[Site "FIN"]
[Date "2001.11.17"]
[Round "4"]
[White "Paasikangas,J"]
[Black "Eskola,R"]
[Result "0-1"]
[WhiteElo "2300"]
[BlackElo "2152"]

1.d4 Nf6 2.Bg5 c5 3.Bxf6 gxf6 4.d5 Qb6 5.Qc1 f5 6.c4 Bg7 7.Nc3 d6 8.e3 Nd7
9.Nf3 Ne5 10.Nxe5 Bxe5 11.Bd3 Bd7 12.Qc2 e6 13.Rb1 h5 14.a3 h4 15.b4 cxb4
16.axb4 Rc8 17.dxe6 fxe6 18.Ke2 Qd8 19.f4 Bf6 20.Nd1 Rg8 21.Rg1 Bc6 22.Kf1 Ke7
23.Nf2 a6 24.Qe2 Qf8 25.Rd1 Qh6 26.b5 Be8 27.Qd2 axb5 28.cxb5 Bc3 29.Qa2 Bd7
30.Be2 Bb4 31.Nd3 Ra8 32.Qb2 Ba3 33.Qb3 Ra5 34.Qc3 b6 35.Qc7 Rc8 36.Qb7 Rxb5
37.Ne5 Rxe5 38.fxe5 Qxe3 39.exd6+ Bxd6 40.Qf3 Qe5 41.Rh1 Rc2 42.Qf2 Qe4 43.Qf3 Bc6
44.Qxe4 Bxe4 45.Bf3 Bxf3 46.gxf3 Bxh2 47.Rb1 h3 48.Ke1 Kf6 49.f4 Bxf4 50.Rxh3 Rc6
51.Ke2 Bd6 52.Rh6+ Ke5 53.Kd3 Bc5 54.Re1+ Kd5 55.Rg6 Bd4 56.Rb1 Rc3+ 57.Kd2 Rh3
58.Ke2 f4 59.Rf1 e5 60.Kd2 b5 61.Rg8 b4 62.Rd8+ Ke6 63.Re8+ Kd7 64.Rb8 b3
65.Ke2 b2 66.Rf3 Rh2+ 67.Ke1 Ke6 68.Rb7 Kf5 69.Kf1 Ke4 70.Ke1  0-1

[Event "ch-Balkan"]
[Site "Istanbul TUR"]
[Date "2001.11.22"]
[Round "6"]
[White "Miladinovic,I"]
[Black "Stanojoski,Z"]
[Result "1/2-1/2"]
[WhiteElo "2495"]
[BlackElo "2434"]

1.d4 Nf6 2.Bg5 c5 3.Bxf6 gxf6 4.dxc5 e6 5.Nd2 Bxc5 6.Ne4 d5 7.Nxc5 Qa5+ 8.c3 Qxc5
9.e3 Nc6 10.Ne2 Qb6 11.Qc2 Bd7 12.Nf4 Rc8 13.Qd2 Ne5 14.Be2 Bb5 15.O-O Ke7
16.Rfd1 Bxe2 17.Qxe2 Qa6 18.Qc2 h5 19.e4 Rc4 20.Rd4 Rhc8 21.Rad1 Rxd4 22.Rxd4 Qxa2
23.h3 dxe4 24.Rb4 Qa6 25.Qxe4 Rc7 26.Nxh5 Qd3 27.Qh4 Qg6 28.Ng3 Rd7 29.Kh2 Qg5
30.Qe4 Nc6  1/2-1/2

[Event "FSIMB December"]
[Site "Budapest HUN"]
[Date "2001.12.02"]
[Round "2"]
[White "Ashok,K"]
[Black "Farago,S"]
[Result "0-1"]
[WhiteElo "2199"]
[BlackElo "2323"]

1.d4 Nf6 2.Bg5 c5 3.Bxf6 exf6 4.d5 f5 5.Nc3 d6 6.e3 a6 7.a4 g6 8.Nf3 Bg7
9.Be2 Qa5 10.O-O O-O 11.Nd2 Qc7 12.a5 Nd7 13.Nc4 b5 14.axb6 Nxb6 15.Qd2 Bd7
16.Ra2 Rfb8 17.Rfa1 Nxc4 18.Bxc4 a5 19.Bf1 Rb4 20.Nd1 a4 21.c3 Rb6 22.Bc4 Rab8
23.g3 h5 24.h4 Qd8 25.Bd3 Ra8 26.Bc2 Rba6 27.c4 Qa5 28.Qxa5 Rxa5 29.Kf1 Kf8
30.Ke2 Ke7 31.Kd3 Bf6 32.Nc3 Rb8 33.Nxa4 f4 34.Nc3 Rxa2 35.Rxa2 fxg3 36.fxg3 Be5
37.Ne2 Bg4 38.Nf4 Bxb2 39.Ra7+ Kf6 40.Ra5 Re8 41.Rb5 Bc1  0-1

[Event "ch-GER"]
[Site "Altenkirchen GER"]
[Date "2001.12.06"]
[Round "7"]
[White "Lobron,E"]
[Black "Berezovsky,I"]
[Result "1-0"]
[WhiteElo "2524"]
[BlackElo "2432"]

1.d4 Nf6 2.Bg5 c5 3.Bxf6 gxf6 4.d5 Qb6 5.Qc1 f5 6.g3 Bh6 7.e3 Bg7 8.c3 Qg6
9.Na3 O-O 10.Bg2 d6 11.Nh3 Nd7 12.Nf4 Qh6 13.Nc4 Ne5 14.Nxe5 dxe5 15.Ne2 Qd6
16.O-O Bd7 17.Qc2 Rab8 18.Rad1 b5 19.Bh3 e4 20.f3 b4 21.fxe4 fxe4 22.Bxd7 Qxd7
23.c4 b3 24.axb3 Rb6 25.Nc3 Bxc3 26.Qxc3 Qg4 27.Rd2 Rfb8 28.Qe5 R8b7 29.Rf4 Qg6
30.Rxe4 f6 31.Qf4 Rxb3 32.d6 exd6 33.Qf3 h5 34.Rxd6 Rxb2 35.Rxf6 Qg5 36.Ref4 Kg7
37.Rf7+ Rxf7 38.Rxf7+ Kg6 39.Rxa7 Rb1+ 40.Kg2 Rb2+ 41.Kh3 Qg4+ 42.Qxg4+ hxg4+
43.Kxg4 Rb4 44.Ra6+ Kg7 45.Kf5 Rxc4 46.Ra7+ Kh6 47.g4  1-0

[Event "FSIMA December"]
[Site "Budapest HUN"]
[Date "2001.12.06"]
[Round "6"]
[White "Mensch,E"]
[Black "Petran,Pa"]
[Result "1/2-1/2"]
[WhiteElo "2299"]
[BlackElo "2372"]

1.d4 Nf6 2.Bg5 d5 3.e3 Ne4 4.Bf4 c5 5.Bd3 Nf6 6.c3 Nc6 7.Nd2 Bg4 8.Ngf3 a6
9.h3 Bxf3 10.Nxf3 e6 11.a3 Bd6 12.Bxd6 Qxd6 13.b4  1/2-1/2

[Event "Rudenko mem w"]
[Site "St Petersburg RUS"]
[Date "2001.12.09"]
[Round "2"]
[White "Bistrikova,E"]
[Black "Lomakina,G"]
[Result "1-0"]
[WhiteElo "2139"]
[BlackElo "2160"]

1.d4 Nf6 2.Bg5 c5 3.Nc3 cxd4 4.Qxd4 Nc6 5.Qh4 Qa5 6.O-O-O b5 7.Kb1 Bb7 8.e3 a6
9.Nf3 Rc8 10.Bxf6 gxf6 11.Nd5 Ne5 12.Nxe5 fxe5 13.Be2 Bxd5 14.Rxd5 Qc7 15.Rd2 e6
16.Qf6 Rg8 17.Bh5 Rg7 18.Rhd1 Qd8 19.Qxe5 Rg5 20.Bxf7+ Kxf7 21.Rxd7+ Be7
22.Qxg5 Qf8 23.Qh5+ Kg8 24.Qg4+ Kf7 25.Qe4 Qh6 26.Rxe7+  1-0

[Event "Rudenko mem w"]
[Site "St Petersburg RUS"]
[Date "2001.12.14"]
[Round "7"]
[White "Bistrikova,E"]
[Black "Miednikova,S"]
[Result "1-0"]
[WhiteElo "2139"]
[BlackElo "2156"]

1.d4 Nf6 2.Bg5 g6 3.Bxf6 exf6 4.c4 Bg7 5.Nc3 d6 6.g3 Nc6 7.e3 Ne7 8.Bg2 Bd7
9.Nge2 h5 10.h4 c6 11.Nf4 f5 12.Qd3 Qc7 13.b4 O-O 14.O-O Kh7 15.a4 Rae8 16.a5 a6
17.b5 axb5 18.cxb5 Ra8 19.b6 Qc8 20.Rfb1 Ng8 21.a6 Rxa6 22.Rxa6 bxa6 23.b7 Qc7
24.Qxa6 Rb8 25.Rb6 Ne7 26.Na4 Bh6 27.Qc4 Kg7 28.Qb4 Bxf4 29.gxf4 Be6 30.Nc3 Ng8
31.Bxc6 Nf6 32.Bf3 d5 33.Qc5 Rxb7 34.Rc6 Qd7 35.Rd6 Qe7 36.Rb6 Rc7 37.Qxe7 Rxe7
38.Rd6 Ne4 39.Nxd5 Rb7 40.Bxe4 fxe4 41.Nc3 Bf5 42.Kg2 Kf8 43.Rc6 Bd7 44.Rc5 f5
45.f3 Rb2+ 46.Kg3 exf3 47.Kxf3 Rh2 48.Kg3 Rh1 49.Ne2 Ke7 50.Rc1 Rxc1 51.Nxc1 Bb5
52.Kf2 Kd6 53.Ne2 Kc6 54.Ng1 Kd5 55.Nf3 Ke4 56.Ng5+ Kd5 57.Kf3 Ba6 58.Kf2 Bb5
59.Ke1 Be8 60.Kd2 Kc4 61.Ne6 Bf7 62.Nc7 Bg8 63.Ne8 Be6 64.Kc2 g5 65.fxg5 f4
66.Kd2 f3 67.Ke1  1-0

[Event "Christmas Open"]
[Site "Zadar CRO"]
[Date "2001.12.18"]
[Round "4"]
[White "Kovacevic,B"]
[Black "Brkic,A"]
[Result "1-0"]
[WhiteElo "2434"]
[BlackElo "2330"]

1.d4 Nf6 2.Bg5 g6 3.Bxf6 exf6 4.e3 Bg7 5.g3 O-O 6.Bg2 d6 7.Ne2 f5 8.c4 Nd7
9.Nbc3 Re8 10.O-O Nf6 11.Qd3 a5 12.Nf4 c6 13.Rac1 Qe7 14.Na4 Qc7 15.Rfd1 b6
16.Qc2 Ba6 17.Rb1 Rab8 18.b4 axb4 19.Rxb4 c5 20.dxc5 bxc5 21.Rbb1 Rb4 22.Nc3 Rxb1
23.Rxb1 Bxc4 24.Qa4 Be6 25.Rb7 Qd8 26.Qa7 Bf8 27.Nfd5 Kg7 28.Bf3 g5 29.a4 Kg6
30.a5 g4 31.Bg2 h5 32.Qb6 Qc8 33.Nxf6 Kxf6 34.Nd5+ Kg5 35.a6 c4 36.Qd4 Bxd5
37.Bxd5 c3 38.Qf4+ Kg6 39.Bxf7+ Kf6 40.Bxe8 c2 41.Qd4+  1-0

[Event "TCh-BEL 2001-2"]
[Site "Belgium BEL"]
[Date "2001.12.23"]
[Round "5"]
[White "Kerkmeester,H"]
[Black "De Wit,D"]
[Result "0-1"]
[WhiteElo "2250"]
[BlackElo "2204"]

1.d4 Nf6 2.Bg5 g6 3.Bxf6 exf6 4.e3 Bg7 5.c4 O-O 6.Nc3 d6 7.g3 Nd7 8.Bg2 f5
9.Nge2 Nf6 10.Qc2 Re8 11.O-O h5 12.Nd5 h4 13.Nxf6+ Bxf6 14.Nf4 c6 15.b4 Bd7
16.Rab1 Rc8 17.Qb3 hxg3 18.hxg3 Bg5 19.d5 Bxf4 20.exf4 b6 21.Rfe1 cxd5 22.Bxd5 Qf6
23.Qa3 Rc7 24.Rxe8+ Bxe8 25.Qd3 Bd7 26.Re1 Rc8 27.Qa3 Rc7 28.b5 Kg7 29.Kg2 Kf8
30.Rd1 Kg7 31.Bf3 Rxc4 32.Qxa7 Bxb5 33.Qxb6 Rb4 34.Kh2 Rb2 35.Rxd6 Qc3 36.Qa7 Qxf3
37.Qd4+ Kh7 38.Qxb2 Bf1  0-1

[Event "Casino Open"]
[Site "Interlaken SUI"]
[Date "2001.12.27"]
[Round "2"]
[White "Curien,N"]
[Black "Vajda,L"]
[Result "0-1"]
[WhiteElo "2205"]
[BlackElo "2489"]

1.d4 Nf6 2.Bg5 d5 3.e3 e6 4.Nd2 Be7 5.Bd3 O-O 6.f4 c5 7.c3 c4 8.Bc2 b5 9.a3 Nbd7
10.Nh3 a5 11.O-O Rb8 12.e4 dxe4 13.Nxe4 Nd5 14.f5 exf5 15.Rxf5 N7f6 16.Nxf6+ Bxf6
17.Bxf6 Nxf6 18.Re5 Bxh3 19.gxh3 g6 20.Qf3 Rb6 21.Kh1 b4 22.axb4 axb4 23.Rf1 bxc3
24.bxc3 Qa8 25.Qxa8 Rxa8 26.Re3 Ra2 27.Bd1 Nd5 28.Re2 Ra1 29.Ree1 Rbb1  0-1

[Event "Rilton Cup"]
[Site "Stockholm SWE"]
[Date "2001.12.30"]
[Round "4"]
[White "Bjarnehag,P"]
[Black "Olsson,An"]
[Result "0-1"]
[WhiteElo "2221"]
[BlackElo "2340"]

1.d4 Nf6 2.Bg5 c5 3.Bxf6 exf6 4.c3 Qb6 5.Qd2 d5 6.dxc5 Bxc5 7.e3 O-O 8.Bd3 Nc6
9.Ne2 Ne5 10.Nf4 g5 11.Nxd5 Qxb2 12.Bc2 Qxa1 13.O-O Be6 14.e4 Bxd5 15.exd5 Rac8
16.Rc1 Bb4 17.h4 h6 18.g3 g4 19.Kg2 Kg7 20.Bd1 h5 21.Bb3 Rfe8  0-1

[Event "Troll Masters"]
[Site "Gausdal NOR"]
[Date "2002.01.06"]
[Round "3"]
[White "Svensen,T"]
[Black "Hoi,C"]
[Result "0-1"]
[WhiteElo "2077"]
[BlackElo "2407"]

1.d4 Nf6 2.Bg5 g6 3.Bxf6 exf6 4.e3 Bg7 5.Bd3 d5 6.g4 c6 7.Nd2 h5 8.gxh5 Rxh5
9.Qf3 f5 10.O-O-O Nd7 11.Ne2 Nf6 12.Nf4 Rh6 13.Rdg1 Ne4 14.Nb3 a5 15.a4 Qe7
16.Qe2 b6 17.c3 Bd7 18.Bc2 Bf6 19.f3 Nd6 20.Kb1 Bc8 21.Re1 Bh4 22.Rd1 Bg5
23.Ng2 Bb7 24.Rde1 O-O-O 25.e4 dxe4 26.fxe4 fxe4 27.Bxe4 Re8 28.Bf3 Qxe2
29.Rxe2 Rxe2 30.Bxe2 c5 31.Bf1 c4 32.Nd2 Bxd2  0-1